El consulado marítimo y terrestre de Alicante y pueblos del obispado de Orihuela / (Record no. 63793)
[ view plain ]
| 000 -LEADER | |
|---|---|
| campo de control de longitud fija | 00661nam a2200181 i 4500 |
| 001 - NÚMERO DE CONTROL | |
| campo de control | 63793 |
| 003 - IDENTIFICADOR DE NÚMERO DE CONTROL | |
| campo de control | ES-MaACL |
| 005 - FECHA Y HORA DE LA ÚLTIMA TRANSACCIÓN | |
| campo de control | 20250905063042.0 |
| 007 - CAMPO FIJO DE DESCRIPCIÓN FÍSICA--INFORMACIÓN GENERAL | |
| campo de control de longitud fija | t| |
| 008 - DATOS DE LONGITUD FIJA--INFORMACIÓN GENERAL | |
| campo de control de longitud fija | 031217s1957 sp ||||1| spa d |
| 100 1# - ENTRADA PRINCIPAL--NOMBRE DE PERSONA | |
| Nombre de persona | Figueras Pacheco, Francisco, |
| Fechas asociadas al nombre | 1880-1960 |
| 9 (RLIN) | 50766 |
| 245 13 - MENCIÓN DEL TÍTULO | |
| Título | El consulado marítimo y terrestre de Alicante y pueblos del obispado de Orihuela / |
| Mención de responsabilidad, etc. | Francisco Figueras Pacheco. |
| 260 ## - PUBLICACIÓN, DISTRIBUCIÓN, ETC. | |
| Lugar de publicación, distribución, etc. | Alicante : |
| Nombre del editor, distribuidor, etc. | Instituto de Estudios Alicantinos, |
| Fecha de publicación, distribución, etc. | [1957] ( |
| Fabricante | Sucs. de Suchs) |
| 300 ## - DESCRIPCIÓN FÍSICA | |
| Extensión | 192 p., 5 lám. ; |
| Dimensiones | 21 cm. |
| 650 #7 - PUNTO DE ACCESO ADICIONAL DE MATERIA--TÉRMINO DE MATERIA | |
| Término de materia o nombre geográfico como elemento de entrada | Comercio- |
| Subdivisión geográfica | Alicante (Provincia) |
| Fuente del encabezamiento o término | |
| 9 (RLIN) | 166831 |
| 852 ## - LOCALIZACIÓN | |
| Ubicación | ES-MaACL |
| Número de control de estantería | C-14026 |
| Sublocalización o colección | R.41467 |
| Estatus retirado | Estado de pérdida | Estado de daño | No para préstamo | Biblioteca de origen | Biblioteca actual | Ubicación en estantería | Fecha de adquisición | Fuente de adquisición | Total de préstamos | Signatura topográfica completa | Código de barras | Visto por última vez | Precio de reemplazo | Tipo de ítem Koha |
|---|---|---|---|---|---|---|---|---|---|---|---|---|---|---|
| Biblioteca del Ateneo de Madrid | Biblioteca del Ateneo de Madrid | Sala Palomar | 17/01/2008 | C-14026 | 1066855 | 23/02/2023 | 23/02/2023 | Libro impreso |
